000 00332nam a22001337a 4500
008 170919b xxu||||| |||| 00| 0 eng d
020 _a051756274
041 _aeng
080 _a7
100 _a44
101 _aART
245 _aTHE SISTINE CHAPEL THE ART HISTORY AND THE RESTORATION
_cPIETRNGEL.C
942 _2udc
_cBK
999 _c28179
_d28179